000 00785nam a2200217 i 4500
001 bg
245 0 0 _aWpływ funduszy pożyczkowych na tworzenie miejsc pracy :
_bpraca zespołowa /
_cAnna Biernacka [et al.] ; Polska Agencja Rozwoju Regionalnego.
260 _aWarszawa :
_bInstytut Technologii Eksplotacji,
_c2001.
300 _a42 s. :
_bwykr. ;
_c24 cm.
650 9 _aPrzedsiębiorstwa małe i średnie
_xfinanse
_xbadanie
_zPolska
_yod 1989 r.
650 9 _aKredyt
_xzagadnienia
_zPolska
_yod 1989 r.
700 1 _aBIERNACKA, Anna
710 0 _aPolska Agencja Rozwoju Regionalnego
020 _a8387174386
040 _cBPK
041 0 _apl
080 _a658.14/.17:336.77](438)"1989/..."
920 _a83-87174-38-6
942 _cKS
008 s pl f |000 0 pol
999 _c41716
_d41716
856 _uhttp://koha.tu.koszalin.pl/cgi-bin/koha/opac-detail.pl?biblionumber=41716
_yKatalog online BPK